000 00459nam a2200193Ia 4500
005 20230714091959.0
008 131103s9999 xx 000 0 und d
040 _aLoreto College
041 _aEnglish
082 _a922
_bCAM
100 _aWaugh, Evelyn
245 _aEdmund Campion
_cEvelyn Waugh
260 _aLondon
_bPenguin books
_c1954
300 _a173p.
650 _aCampion, Edmund
651 _aBiography
850 _aLCLIB
942 _cBK
999 _c24551
_d75030